Sisa toksik
| Format: | Book |
|---|---|
| Published: |
Johor Bahru :
Pelangi Sdn.Bhd ,
1992
|
| Series: | Selamatkan bumi kita
|
| Subjects: |
MARC
| LEADER | 00000cam a2200000 7i4500 | ||
|---|---|---|---|
| 001 | 0000003334 | ||
| 002 | 000003597 | ||
| 005 | 20000330.0 | ||
| 020 | |a 9838782319 | ||
| 090 | 0 | 0 | |a J 363.7 |b HAR |
| 245 | 1 | 0 | |a Sisa toksik |c Tony Have |
| 260 | |a Johor Bahru : |b Pelangi Sdn.Bhd , |c 1992 | ||
| 300 | |a 32p ; |c 28cm. | ||
| 490 | 0 | |a Selamatkan bumi kita | |
| 650 | 0 | 0 | |a Hazardom substances |x Juvenile literature |
| 999 | |a 029470 |b BUKU |c RUJUKAN |e PERPUSTAKAAN KOMUNITI PETALING JAYA | ||